Ricostruisci la Carriera del Calciatore - Careca - Statistics

Statistiche generali
  • Questo quiz è stato fatto 10 volte
  • Il punteggio medio è 3 su 8
Statistiche sulle risposte
Hint Risposta % Corretto
1987-1993 Napoli
67%
1978-1983 Guarani
50%
1983-1987 San Paolo
50%
1998 Campinas
33%
2004 Campinas
33%
1997 Santos
33%
1993-1997 Kashiwa Reysol
17%
1999 São José-RS
17%
Nessun quiz corrispondente trovato
Distribuzione punteggi
Percentuale di utenti per punteggio
Percentile per numero di risposta
I tuoi punteggi nel tempo
Non hai fatto questo quiz